| Tag |
First Indicator |
Second Indicator |
Subfields |
| LEADER |
00000cam a2200000 a 4500 |
| 001 |
in00000023885 |
| 005 |
20151007055548.0 |
| 008 |
870710r19871917mnuaf b 00000 eng |
| 010 |
|
|
|a 87020355
|
| 020 |
|
|
|a 0873512197 (pbk.)
|
| 035 |
|
|
|a (OCoLC)16352461
|
| 035 |
|
|
|9 AAB8585AM
|
| 040 |
|
|
|a DLC
|c DLC
|d TXA
|d UtOrBLW
|
| 043 |
|
|
|a np-----
|
| 049 |
|
|
|a TXAM
|c [A11089569]
|
| 050 |
0 |
0 |
|a E99.H6
|b W337 1987
|
| 082 |
0 |
|
|a 630/.978
|2 19
|
| 100 |
0 |
|
|a Waheenee,
|d 1839?-
|
| 240 |
1 |
0 |
|a Agriculture of the Hidatsa Indians
|
| 245 |
1 |
0 |
|a Buffalo Bird Woman's garden :
|b agriculture of the Hidatsa Indians /
|c [as told to] Gilbert L. Wilson ; with a new introduction by Jeffery R. Hanson.
|
| 264 |
|
1 |
|a St. Paul :
|b Minnesota Historical Society Press,
|c 1987.
|
| 300 |
|
|
|a xxiii, 129 pages, 10 unnumbered pages of plates :
|b illustrations ;
|c 23 cm.
|
| 336 |
|
|
|a text
|b txt
|2 rdacontent
|
| 337 |
|
|
|a unmediated
|b n
|2 rdamedia
|
| 338 |
|
|
|a volume
|b nc
|2 rdacarrier
|
| 490 |
0 |
|
|a Borealis books
|
| 500 |
|
|
|a Reprint. Originally published: Agriculture of the Hidatsa Indians. Minneapolis, 1917.
|
| 504 |
|
|
|a Includes bibliographical references.
|
| 650 |
|
0 |
|a Hidatsa Indians
|x Agriculture.
|
| 650 |
|
0 |
|a Indians of North America
|z Great Plains
|x Agriculture.
|
| 600 |
0 |
0 |
|a Waheenee,
|d 1839?-
|
| 600 |
1 |
0 |
|a Goodbird, Edward.
|
| 700 |
1 |
|
|a Wilson, Gilbert Livingstone,
|d 1868-1930.
|
| 999 |
|
|
|a MARS
|
| 999 |
f |
f |
|s d1ef980e-ef3a-39f9-89e4-d26f8cd0d43e
|i 2f3eb462-25b4-3c54-876d-b839ff20fac7
|t 0
|
| 952 |
f |
f |
|p normal
|a Texas A&M University
|b College Station
|c Sterling C. Evans Library
|s Evans stk
|d Evans: Library Stacks
|t 0
|e E99.H6 W337 1987
|h Library of Congress classification
|i unmediated -- volume
|m A14811089569
|
| 998 |
f |
f |
|a E99.H6 W337 1987
|t 0
|l Evans: Library Stacks
|